[Event "BEL-chT 1819"]
[Site "Belgium"]
[Date "2019.04.07"]
[Round "11.4"]
[White "Real, Thibault"]
[Black "Wunnink, Michael"]
[Result "1/2-1/2"]
[WhiteElo "2177"]
[BlackElo "2222"]
[PlyCount "80"]
[EventDate "2018.09.30"]
[EventType "team-tourn"]
[EventRounds "11"]
[EventCountry "BEL"]
[SourceTitle "CBM 189 Extra"]
[Source "ChessBase"]
[SourceDate "2019.06.03"]
[SourceVersion "1"]
[SourceVersionDate "2019.06.03"]
[SourceQuality "1"]
[WhiteTeam "Boitsfort"]
[BlackTeam "Jean Jaures"]
[WhiteTeamCountry "BEL"]
[BlackTeamCountry "BEL"]

1. d4 Nf6 2. Bf4 d5 3. e3 c5 4. c3 Nc6 5. Nd2 cxd4 6. exd4 Bf5 7. Qb3 Qc8 8. Ngf3 e6 9. Nh4 Bg4 10. h3 Bh5 11. g4 Bg6 12. Nxg6 hxg6 13. Bg2 Qd7 14. Nf3 Ne4 15. Ne5 Nxe5 16. Bxe5 Nd6 17. 0-0 Nc4 18. Rad1 f6 19. Bf4 g5 20. Bg3 Bd6 21. Bxd6 Qxd6 22. Qb5+ Qd7 23. Qxd7+ Kxd7 24. Rfe1 Nxb2 25. Rb1 Nd3 26. Rxb7+ Kd6 27. Reb1 Nf4 28. Kh2 Rac8 29. Rxa7 Rxc3 30. Rb6+ Rc6 31. Rbb7 Rc4 32. Rb6+ Rc6 33. Rbb7 Rc4 34. Rd7+ Kc6 35. Rdc7+ Kd6 36. Rd7+ Kc6 37. Rac7+ Kb6 38. Rb7+ Kc6 39. Rbc7+ Kb6 40. Rb7+ Kc6 1/2-1/2